Name the countries that don't use any of the UN's 6 official languages - Statistics

General Stats
  • This quiz has been taken 21 times
  • The average score is 67 of 73
Answer Stats
Answer % Correct
Albania
100%
Bangladesh
100%
Estonia
100%
Finland
100%
Greece
100%
Iceland
100%
Indonesia
100%
Kosovo
100%
Latvia
100%
Lithuania
100%
Montenegro
100%
Norway
100%
Romania
100%
Sweden
100%
Thailand
100%
Turkey
100%
Vietnam
100%
Afghanistan
94%
Armenia
94%
Azerbaijan
94%
Bosnia and Herzegovina
94%
Cambodia
94%
Croatia
94%
Ethiopia
94%
Germany
94%
Hungary
94%
Iran
94%
Italy
94%
Japan
94%
Laos
94%
Myanmar
94%
North Macedonia
94%
Portugal
94%
Slovenia
94%
Ukraine
94%
Uzbekistan
94%
Vatican City
94%
Austria
89%
Bhutan
89%
Brazil
89%
Bulgaria
89%
Cyprus
89%
Czech Republic
89%
Denmark
89%
East Timor
89%
Eritrea
89%
Georgia
89%
Liechtenstein
89%
Maldives
89%
Mongolia
89%
Netherlands
89%
Poland
89%
San Marino
89%
Serbia
89%
Slovakia
89%
Sri Lanka
89%
Tajikistan
89%
Andorra
83%
Angola
83%
Brunei
83%
Cape Verde
83%
Israel
83%
Malaysia
83%
Moldova
83%
Nepal
83%
North Korea
83%
South Korea
83%
Turkmenistan
83%
Guinea Bissau
78%
Mozambique
78%
São Tomé and Príncipe
78%
Mali
72%
Suriname
72%
No matching quizzes found
Score Distribution
Percent of People with Each Score
Percentile by Number Answered
Your Score History
You have not taken this quiz